01606cam a2200349 a 450000500170000000800410001702000150005804100080007310000180008124500810009925000880018026000520026830000160032050001280033665300540046465300320051865300390055065300550058965300440064465300340068865300470072265300950076965300380086465300360090265300700093865300690100865300410107765300270111865300490114565300130119465300490120720231226130900.0100810s1998||||mx a | |||| 00| 0 spa d a9701016440 aspa1 aKarp, Gerald. aBiología celular y molecular. bConceptos y experimentos / cGerald Karp. a1a ed. de la primera edición en inglés / bTraducción José Pérez Gómez. aMéxico: bMcGraw-Hill Interamericana, c1998. a746 p.bil. aKarp, G. (1998). Biología celular y molecular. Conceptos y experimentos. (1a ed.). México : McGraw-Hill Interamericana. aIntroducción al estudio de la bilogía celular aBases químicas de la vida aEnergía, enzimas y metabolísmo aEstructura y función de la membrana plasmática aRespiración aeróbica y mitocondrias aFotosíntesis y cloroplastos aInteracción entre células y su entorno aSistemas de la membrana citoplasmática: estructura, función y tráfico de la membrana aCitoesqueleto y motilidad celular aNaturaleza del gen y del genoma aInformación genética: de la transcripción a la traducción aNúcleo de la célula y control de la expresión de los genes aDuplicación y reparación del DNA aReproducción celular aComunicación entre células y su ambiente aCáncer aTécnicas en biología celular y molecular